| 000 | 00704nam a2200193 a 4500 | ||
|---|---|---|---|
| 005 | 20140412111301.0 | ||
| 008 | 001118s19uu xx 00 eng d | ||
| 020 | _a0-689-31861-8 | ||
| 050 |
_aM 811.4 _bBa328 1995 |
||
| 100 | _aBates, Katherine Lee, 1859-1929 | ||
| 245 |
_aAmerica the beautiful / _cKatherine Lee Bates ; illustrated by Neil Waldman. |
||
| 260 |
_aNew York : _bMaxwell Macmillan Int'l, _c1993. |
||
| 300 | _a1 v. (unp.) | ||
| 520 | _aAn illustrated edition of the nineteenth-century poem, later set its music, celebrating the beauty of America | ||
| 650 | _aUnited States -- Poetry | ||
| 650 | _aChildren's poetry, American | ||
| 650 | _aSongs -- United States | ||
| 999 |
_c103429 _d103429 |
||